Giovan Domenico Olivieri y el taller de escultura del Palacio Real / (Record no. 11988)

MARC details
000 -LEADER
campo de control de longitud fija 00945nam a22002775i 4500
001 - NÚMERO DE CONTROL
campo de control 11988
003 - IDENTIFICADOR DE NÚMERO DE CONTROL
campo de control ES-MaACL
005 - FECHA Y HORA DE LA ÚLTIMA TRANSACCIÓN
campo de control 20230906150220.0
007 - CAMPO FIJO DE DESCRIPCIÓN FÍSICA--INFORMACIÓN GENERAL
campo de control de longitud fija t|
008 - DATOS DE LONGITUD FIJA--INFORMACIÓN GENERAL
campo de control de longitud fija 930331s1992 sp ||||0| spa j
020 ## - NÚMERO INTERNACIONAL ESTÁNDAR DEL LIBRO
Número Internacional Estándar del Libro 84-00-07321-5
024 8# - IDENTIFICADOR DE OTROS ESTÁNDARES
Número estándar o código NIPO 179-92-056-0
040 ## - FUENTE DE CATALOGACIÓN
Centro catalogador/agencia de origen M-BN
Lengua de catalogación spa
Centro/agencia transcriptor M-BN
080 ## - NÚMERO DE LA CLASIFICACIÓN DECIMAL UNIVERSAL
Número de la Clasificación Decimal Universal 73 Olivieri, Giovanni Domenico
080 ## - NÚMERO DE LA CLASIFICACIÓN DECIMAL UNIVERSAL
Número de la Clasificación Decimal Universal 73.034.8/.9(460.27 M.)
100 1# - ENTRADA PRINCIPAL--NOMBRE DE PERSONA
Nombre de persona Tárraga Baldó, María Luisa.
9 (RLIN) 109322
245 10 - MENCIÓN DEL TÍTULO
Título Giovan Domenico Olivieri y el taller de escultura del Palacio Real /
Mención de responsabilidad, etc. María Luisa Tárraga Baldó.
260 ## - PUBLICACIÓN, DISTRIBUCIÓN, ETC.
Lugar de publicación, distribución, etc. Madrid :
Nombre del editor, distribuidor, etc. Patrimonio Nacional,
Fecha de publicación, distribución, etc. 1992.
300 ## - DESCRIPCIÓN FÍSICA
Extensión 3 v :
Otras características físicas il ;
Dimensiones 29 cm.
500 ## - NOTA GENERAL
Nota general Indices.
504 ## - NOTA DE BIBLIOGRAFÍA, ETC.
Nota de bibliografía, etc. Bibliografía: v. 3, p. 693-722.
505 8# - NOTA DE CONTENIDO CON FORMATO
Nota de contenido con formato 1. Biografía -- 2. El taller y sus vicisitudes -- 3. Su obra
600 14 - PUNTO DE ACCESO ADICIONAL DE MATERIA--NOMBRE DE PERSONA
Nombre de persona Olivieri, Giovanni Domenico.
9 (RLIN) 86897
650 14 - PUNTO DE ACCESO ADICIONAL DE MATERIA--TÉRMINO DE MATERIA
Término de materia o nombre geográfico como elemento de entrada Escultura-
Subdivisión geográfica Madrid-
Subdivisión cronológica S.XVIII.
9 (RLIN) 12422
852 ## - LOCALIZACIÓN
Ubicación ES-MaACL
Número de control de estantería L-19283-85
Sublocalización o colección R.122813
Holdings
Estatus retirado Estado de pérdida Estado de daño No para préstamo Biblioteca de origen Biblioteca actual Ubicación en estantería Fecha de adquisición Fuente de adquisición Total de préstamos Signatura topográfica completa Código de barras Visto por última vez Precio de reemplazo Tipo de ítem Koha
        Biblioteca del Ateneo de Madrid Biblioteca del Ateneo de Madrid Depósito 2 17/01/2008     L-19283-85 1012215 23/02/2023 23/02/2023 Libro impreso